L'experience du mouvement

Uloženo v:
Podrobná bibliografie
Hlavní autor: Moscovici, Serge
Médium: Kniha
Jazyk:Undetermined
Vydáno: París, Francia Hermann 1967
Témata:
Tagy: Přidat tag
Žádné tagy, Buďte první, kdo vytvoří štítek k tomuto záznamu!

MARC

LEADER 00000nam a2200000Ia 4500
008 170316s9999 xx 000 0 und d
090 |a 100 M-61e 
100 |a Moscovici, Serge 
245 |a L'experience du mouvement 
260 |a París, Francia 
260 |b Hermann 
260 |c 1967 
300 |a 262 páginas 
650 |a FILOSOFÍA 
999 |c 17068  |d 17068 
040 |a cru BVZT 
942 |c 15 D  |h 100 M-61e  |2 z